Capitals of Africa: Randomized - Statistics

General Stats
  • This quiz has been taken 32 times
    31 since last reset
  • The average score is 42 of 58
Answer Stats
Hint Answer % Correct
Algeria Algiers
86%
Egypt Cairo
86%
Kenya Nairobi
86%
Cape Verde Praia
86%
Nigeria Abuja
79%
Ethiopia Addis Ababa
79%
Madagascar Antananarivo
79%
Central African Republic Bangui
79%
Guinea-Bissau Bissau
79%
Republic of the Congo Brazzaville
79%
South Africa: Legislative Cape Town
79%
Djibouti Djibouti
79%
Botswana Gaborone
79%
South Sudan Juba
79%
Uganda Kampala
79%
Somalia Mogadishu
79%
Benin: Official Porto-Novo
79%
Morocco Rabat
79%
Sao Tome & Principe Sao Tome
79%
Libya Tripoli
79%
Tunisia Tunis
79%
Seychelles Victoria
79%
Ghana Accra
71%
Gambia Banjul
71%
South Africa: Judicial Bloemfontein
71%
Senegal Dakar
71%
Sierra Leone Freetown
71%
Burundi Gitega
71%
Zimbabwe Harare
71%
Sudan Khartoum
71%
Rwanda Kigali
71%
Democratic Republic of the Congo Kinshasa
71%
Gabon Libreville
71%
Angola Luanda
71%
Zambia Lusaka
71%
Lesotho Maseru
71%
Liberia Monrovia
71%
Chad N'Djamena
71%
Mauritania Nouakchott
71%
South Africa: Administrative Pretoria
71%
Namibia Windhoek
71%
Cameroon Yaounde
71%
Mali Bamako
64%
Guinea Conakry
64%
Tanzania Dodoma
64%
Burundi Gitega
64%
Malawi Lilongwe
64%
Togo Lome
64%
Mozambique Maputo
64%
Eswatini Mbabane
64%
Comoros Moroni
64%
Niger Niamey
64%
Burkina Faso Ouagadougou
64%
Mauritius Port Louis
64%
Cote d'Ivoire Yamoussoukro
64%
Eritrea Asmara
57%
Benin: De facto Cotonou
50%
Equatorial Guinea Malabo
50%
No matching quizzes found
Score Distribution
Percent of People with Each Score
Percentile by Number Answered
Your Score History
You have not taken this quiz since the last reset